UBT Library

Organizational strategy and change / (Record no. 40735)

000 -LEADER
fixed length control field 00609cam a2200217 a 4500
001 - CONTROL NUMBER
control field 1426055
005 - DATE AND TIME OF LATEST TRANSACTION
control field 20180123041949.0
008 - FIXED-LENGTH DATA ELEMENTS--GENERAL INFORMATION
fixed length control field 841205s1985 cau b 001 0 eng
010 ## - LIBRARY OF CONGRESS CONTROL NUMBER
LC control number 84047994
020 ## - INTERNATIONAL STANDARD BOOK NUMBER
International Standard Book Number 087589626X (alk. paper)
040 ## - CATALOGING SOURCE
Original cataloging agency DLC
Transcribing agency DLC
Modifying agency OCoLC
-- DLC
041 ## - LANGUAGE CODE
Language code of text/sound track or separate title eng
080 ## - UNIVERSAL DECIMAL CLASSIFICATION NUMBER
Universal Decimal Classification number 658.403 PEN
082 00 - DEWEY DECIMAL CLASSIFICATION NUMBER
Classification number 658.403 PEN
Edition number 19
100 ## - Rafti
Rafti 54
101 ## - Shkurtesa
Shkurtesa LID
245 00 - TITLE STATEMENT
Title Organizational strategy and change /
Statement of responsibility, etc [edited by] Johannes M. Pennings, and associates.
504 ## - BIBLIOGRAPHY, ETC. NOTE
Bibliography, etc Bibliography: p. 495-538.
906 ## - LOCAL DATA ELEMENT F, LDF (RLIN)
a 7
b cbc
c orignew
d 1
e ocip
f 19
g y-gencatlg
942 ## - ADDED ENTRY ELEMENTS (KOHA)
Source of classification or shelving scheme
Item type Books
Holdings
Withdrawn status Lost status Source of classification or shelving scheme Damaged status Not for loan Collection code Permanent location Current location Shelving location Date acquired Total Checkouts Full call number Barcode Date last seen Price effective from Koha item type
          Koleksioni i përgjithshem UBT - Lipjan UBT - Lipjan Koleksioni i përgjithshem 01/23/2018   658.403 PEN 002-2996110 01/23/2018 01/23/2018 Books
UBT Library © 2015-2024. All rights reserved University Education for Business and Technology